000 00567nam a2200181Ia 4500
008 090123s9999 xx 000 0 und d
082 _b38139
100 _aराऊत संजय
245 _aसुन्न करणारे दिवस
250 _a1
260 _bचिनार प्रकाशन
_c2005
300 _a168
600 _aराऊत संजय
630 _aसुन्न करणारे दिवस
700 _aराऊत संजय
730 _aसुन्न करणारे दिवस
942 _cBOOK
999 _c76127
_d76127